000 01356ngm a22004090a 4500
001 PT39947
003 AR-LpoUNG
005 20210201235857.0
007 vd cvaizq
008 191001s2006||||ag |||||||||||||||||spa d
037 _c$2.65
040 _aAR-LpoUNG
_bspa
_cAR-LpoUNG
_eaacr
041 _aspa
044 _aag
082 0 _a303.36 377fus
100 1 _aCeballo, Diego H.
_edir.
245 1 0 _aFusilados en Floresta
260 _aBuenos Aires :
_bMiradas al sur,
_c2006.
300 _aDVD (100 min.) : son., col.
505 0 _aProducción: Juan Domínguez y Marcelo Otero. - Fotografía: Facundo Echeguren. - Montaje: Diego H. Ceballos y Sebastián Romano. - Música: Sebastián Romero. - Sonido: Jorge A. Fortes
520 _aDocumental que reflexiona sobre la violencia policial, tomando como eje el caso de Cristian Gómez, Maximiliano Tasca y Adrián Matassa, los tres chicos fusilados el 29 de diciembre de 2001 en el barrio porteño de Floresta.
650 4 _aARGENTINA
650 4 _aCONFLICTOS
650 4 _aMUERTE
650 4 _aPOLICIA
650 4 _aPROBLEMAS SOCIALES
650 4 _aVIOLENCIA
651 4 _aArgentina
653 _aCINE ARGENTINO
653 _aDOCUMENTALES
653 _aDVD
653 _aREPRESION
653 _aVIDEOS
653 _aVIOLENCIA POLICIAL
905 _a39947
942 _cDVD
999 _c53674
_d53674